| 000 | 00911nam a2200253 i 4500 | ||
|---|---|---|---|
| 001 | 148514 | ||
| 003 | ES-MaACL | ||
| 005 | 20230906202658.0 | ||
| 007 | t| | ||
| 008 | 070214s1924 fr |||| | fre d | ||
| 100 | 1 |
_aStrindberg, August. _9108433 |
|
| 245 | 1 | 3 |
_aLe songe (traduction de l'auteur) _b: [suivi de] ; Deux féeries ; La Couronne de la mariée ; Swanevit / _cAugust Strindberg ; traduction du suédois par J. Bucher et A. Wall. |
| 250 | _a5ème éd. | ||
| 260 |
_aParis : _bLibrairie Stock : Delamain Boutelleau & Cie, _c1924 ( _eSaint-Amand : _fImp. Bussière) |
||
| 300 |
_a318 p. ; _c19 cm. |
||
| 490 | 1 | _aBibliothèque cosmopolite | |
| 490 | 1 | _aCollection scandinave | |
| 700 | 1 |
_aBucher, J. _9164290 |
|
| 700 | 1 |
_aWall, A. _9164291 |
|
| 830 | 0 |
_aBibliothèque cosmopolite _9181494 |
|
| 830 | 0 |
_aCollection scandinave _9221019 |
|
| 852 |
_aES-MaACL _jA-2244 |
||
| 999 |
_c148514 _d148514 |
||